See how they grow: (Record no. 6555)

MARC details
000 -LEADER
fixed length control field 00854nam a22002777a 4500
001 - CONTROL NUMBER
control field 6555
003 - CONTROL NUMBER IDENTIFIER
control field FISKH
005 - DATE AND TIME OF LATEST TRANSACTION
control field 20250825140341.0
008 - FIXED-LENGTH DATA ELEMENTS--GENERAL INFORMATION
fixed length control field 250509b cb ||||| |||| 00| 0 eng d
020 ## - INTERNATIONAL STANDARD BOOK NUMBER
International Standard Book Number 9780756633738
040 ## - CATALOGING SOURCE
Original cataloging agency FISKH
Language of cataloging eng
Transcribing agency FISKH
Modifying agency FISKH
050 ## - LIBRARY OF CONGRESS CALL NUMBER
Classification number SF375 .R67
082 ## - DEWEY DECIMAL CLASSIFICATION NUMBER
Classification number 636.3
100 ## - MAIN ENTRY--PERSONAL NAME
Personal name Clayton, Gordon
245 ## - TITLE STATEMENT
Title See how they grow:
Remainder of title Lamb /
Statement of responsibility, etc. by Gordon Clayton
250 ## - EDITION STATEMENT
Edition statement This edition pubslished in 2008
260 ## - PUBLICATION, DISTRIBUTION, ETC.
Place of publication, distribution, etc. London :
Name of publisher, distributor, etc. DK publishing,
Date of publication, distribution, etc. 1998
300 ## - PHYSICAL DESCRIPTION
Extent 18 unnumnbered pages ;
Other physical details color illustrations ;
Dimensions 21 cm
505 ## - FORMATTED CONTENTS NOTE
Formatted contents note J<br/>
520 ## - SUMMARY, ETC.
Summary, etc. Photographs and text depict the growth and development of a lamb from its first hours of life to twelve weeks old.
521 8# - TARGET AUDIENCE NOTE
Target audience note 500<br/>
Source Lexile AD<br/>
521 8# - TARGET AUDIENCE NOTE
Target audience note J<br/>
Source Raz-Plus
650 ## - SUBJECT ADDED ENTRY--TOPICAL TERM
Topical term or geographic name entry element Animals
Form subdivision Lamb
942 ## - ADDED ENTRY ELEMENTS (KOHA)
Source of classification or shelving scheme Dewey Decimal Classification
Koha item type Books
Suppress in OPAC No
Holdings
Withdrawn status Lost status Source of classification or shelving scheme Damaged status Not for loan Collection Home library Current library Shelving location Date acquired Total Checkouts Full call number Barcode Date due Date last seen Date last checked out Copy number Price effective from Koha item type
    Dewey Decimal Classification     Juvenile Fiction Footprints International School Library Network Toul Kork Campus Footprints International School Library Network Toul Kork Campus TK Primary Library Room(4th Floor), Bookcase 1&2, Shelves 1-16, Dark Blue Books 05/09/2025 1 CLA 636.3 SF375 .R67 FISTK02527 04/03/2026 03/20/2026 03/20/2026 1 05/09/2025 Books
    Dewey Decimal Classification     Juvenile Fiction Footprints International School Library Network Toul Tom Poung Campus Footprints International School Library Network Toul Tom Poung Campus TTP Primary Dark Blue Bookshelves 08/25/2025   CLA 636.3 SF375 .R67 FIS03696   08/25/2025   2 08/25/2025 Books